000 00472nam a22001817a 4500
003 OSt
005 20240704102145.0
008 240626b |||||||| |||| 00| 0 eng d
022 _a02567520
040 _cMUST
082 _a330 SHA 1995
245 _aShadows Behind The Screen:
_bEconomic Restructuring and Asian Women /
260 _aLondon
_bArena
_c1995
300 _ax,237p;
_c28 cm.
504 _aAppendices included
650 _2Economics
942 _2ddc
_cO_SHELF
999 _c8928
_d8928